[Event "28th North American Open"]
[Site "Las Vegas"]
[Date "2018.12.26"]
[Round "1.1"]
[White "Sam, Gabriel"]
[Black "Bai, Jinshi"]
[Result "0-1"]
[WhiteElo "2185"]
[BlackElo "2568"]
[PlyCount "76"]
[EventDate "2018.12.??"]
[EventType "swiss"]
[EventRounds "9"]
[EventCountry "USA"]

1. d4 Nf6 2. Nf3 g6 3. g3 b6 4. Bg2 Bb7 5. O-O Bg7 6. c4 O-O 7. Nc3 Ne4 8. Nxe4
Bxe4 9. b3 c5 10. Bb2 Nc6 11. e3 d5 12. Qd2 cxd4 13. Nxd4 Nxd4 14. exd4 Bxg2
15. Kxg2 Rc8 16. Qd3 Qd7 17. Rac1 dxc4 18. Rxc4 Rxc4 19. Qxc4 Rc8 20. Qe2 e6
21. Rd1 Qd5+ 22. Kg1 h5 23. h4 a5 24. Rd2 Qf5 25. Qd1 Qe4 26. Kh2 b5 27. Qe2
Qd5 28. Kg1 Rd8 29. Qd1 e5 30. Bc3 Bh6 31. Rc2 b4 32. Bb2 exd4 33. Rc4 d3 34.
Rd4 Qxd4 35. Bxd4 Rxd4 36. f4 d2 37. Kf2 Bg7 38. Ke3 Rd7 0-1

[Event "28th North American Open"]
[Site "Las Vegas"]
[Date "2018.12.26"]
[Round "1"]
[White "Li, Ruifeng"]
[Black "Ramoutar, Alan-Safar"]
[Result "1-0"]
[WhiteElo "2559"]
[BlackElo "2180"]
[PlyCount "81"]
[EventDate "2018.12.??"]
[EventType "swiss"]
[EventRounds "9"]
[EventCountry "USA"]

1. e4 c5 2. Nf3 g6 3. d4 cxd4 4. Nxd4 Nc6 5. c4 Nf6 6. Nc3 Nxd4 7. Qxd4 d6 8.
Be2 Bg7 9. Bg5 O-O 10. O-O Be6 11. Qd2 Qa5 12. Rac1 Rfc8 13. b3 a6 14. f4 b5
15. f5 Bd7 16. e5 b4 17. exf6 bxc3 18. Rxc3 exf6 19. Rg3 Qxd2 20. Bxd2 Bc6 21.
Bc3 Re8 22. Bf3 Bxf3 23. Rgxf3 Re2 24. R1f2 Rae8 25. Kf1 R2e4 26. Rd3 Re3 27.
Rxe3 Rxe3 28. Bb4 Bf8 29. fxg6 hxg6 30. Rxf6 Kg7 31. Rf3 Re6 32. Bc3+ Kg8 33.
Kf2 f5 34. Re3 Kf7 35. b4 Bh6 36. Rxe6 Kxe6 37. a4 Kd7 38. b5 axb5 39. cxb5 Kc7
40. Bd4 Kb7 41. a5 1-0

[Event "28th North American Open"]
[Site "Las Vegas"]
[Date "2018.12.26"]
[Round "1"]
[White "Becerra Rivero, Julio"]
[Black "Nilsson, Martin"]
[Result "1-0"]
[WhiteElo "2520"]
[BlackElo "2178"]
[PlyCount "73"]
[EventDate "2018.12.??"]
[EventType "swiss"]
[EventRounds "9"]
[EventCountry "USA"]

1. e4 b6 2. d4 Bb7 3. Bd3 e6 4. Nf3 c5 5. Nc3 cxd4 6. Nxd4 Nc6 7. Nxc6 Bxc6 8.
Qe2 Ne7 9. Bd2 Ng6 10. O-O-O Qb8 11. g3 Ne5 12. Ba6 Bc5 13. f4 Ng6 14. Rhf1 O-O
15. h4 Re8 16. h5 Nf8 17. h6 g6 18. e5 Be7 19. Be3 b5 20. Nxb5 Qd8 21. Nd6 Qa5
22. Nxe8 Rxe8 23. Bc4 Rb8 24. Bd4 Qc7 25. Bc3 Qb7 26. Rd6 a5 27. a3 Bg2 28. Rf2
Bc6 29. Qe3 Qa8 30. Be2 Rc8 31. Rf1 Qb7 32. Rfd1 Be4 33. R1d4 Bc6 34. Rd2 Qa8
35. g4 Qb7 36. Bxa5 Be4 37. Ba6 1-0

[Event "28th North American Open"]
[Site "Las Vegas"]
[Date "2018.12.26"]
[Round "1"]
[White "Zhao, Ian"]
[Black "Zierk, Steven"]
[Result "1/2-1/2"]
[WhiteElo "2178"]
[BlackElo "2510"]
[PlyCount "122"]
[EventDate "2018.12.??"]
[EventType "swiss"]
[EventRounds "9"]
[EventCountry "USA"]

1. e4 e6 2. d4 d5 3. Nd2 c5 4. Ngf3 cxd4 5. Nxd4 Nc6 6. Bb5 Bd7 7. Bxc6 bxc6 8.
O-O Bd6 9. Re1 Ne7 10. e5 Bc7 11. Qg4 O-O 12. N2f3 Ng6 13. Qh5 f6 14. Bg5 fxg5
15. Nxg5 h6 16. Ngxe6 Nf4 17. Nxd8 Nxh5 18. N8xc6 Bb6 19. Re2 Nf4 20. Rd2 Rae8
21. Re1 a5 22. Kf1 g5 23. a3 Ng6 24. e6 Bc8 25. b4 a4 26. g3 Rf6 27. Kg2 Bxe6
28. Nxe6 Rfxe6 29. Rxe6 Rxe6 30. Nd4 Rf6 31. Nb5 d4 32. c4 dxc3 33. Nxc3 Ne5
34. Nxa4 Nc4 35. Ra2 Bd4 36. Nc5 Nb2 37. Ne4 Re6 38. f3 g4 39. a4 Nd3 40. Re2
gxf3+ 41. Kxf3 Nxb4 42. Rd2 Nc6 43. a5 Ba7 44. Rd5 Kf7 45. Nd6+ Kg6 46. Nb5 Bb8
47. Na3 Ne5+ 48. Kg2 Ng4 49. Rb5 Ba7 50. Nc4 h5 51. Rb2 Rc6 52. Nb6 Rc5 53. Ra2
Ne5 54. h3 Rb5 55. Nc8 Bc5 56. a6 Rb1 57. Kh2 Rg1 58. Ra3 Rf1 59. Ra2 Rg1 60.
Ra3 Rf1 61. Ra2 Rg1 1/2-1/2

[Event "28th North American Open"]
[Site "Las Vegas"]
[Date "2018.12.26"]
[Round "1"]
[White "Mishra, Abhimanyu"]
[Black "Balakrishnan, Praveen"]
[Result "1/2-1/2"]
[WhiteElo "2128"]
[BlackElo "2418"]
[PlyCount "111"]
[EventDate "2018.12.??"]
[EventType "swiss"]
[EventRounds "9"]
[EventCountry "USA"]

1. e4 e5 2. Nf3 Nf6 3. Nxe5 d6 4. Nf3 Nxe4 5. Nc3 Nxc3 6. dxc3 Be7 7. Be3 O-O
8. Qd2 Nd7 9. O-O-O Nf6 10. Bd3 c5 11. h4 Qa5 12. Kb1 Be6 13. c4 Qxd2 14. Bxd2
h6 15. Rhe1 Rfe8 16. b3 d5 17. cxd5 Nxd5 18. c4 Nf6 19. Ne5 Rad8 20. Kc2 Ng4
21. Nxg4 Bxg4 22. f3 Rxd3 23. Kxd3 Bf5+ 24. Ke2 Bxh4+ 25. Be3 Bxe1 26. Rxe1 b6
27. Rd1 Kf8 28. Rd2 Ke7 29. Bf4 Rc8 30. Ke3 Rc6 31. Rd5 Be6 32. Rd2 a6 33. Be5
f6 34. Bc3 Ke8 35. a4 a5 36. Re2 Ke7 37. Be1 Bf5 38. Kd2+ Kd7 39. Bg3 g5 40.
Kc3 h5 41. Bh2 h4 42. Re1 Be6 43. Rd1+ Ke7 44. Rd2 Bf5 45. Re2+ Kf7 46. Re1 Rc8
47. Re2 Bd7 48. Rd2 Bc6 49. Rd6 Ke7 50. Kc2 f5 51. Rg6 g4 52. fxg4 Bxg2 53.
gxf5 Be4+ 54. Kc1 Bxf5 55. Rxb6 h3 56. Ra6 1/2-1/2

[Event "28th North American Open"]
[Site "Las Vegas"]
[Date "2018.12.26"]
[Round "1"]
[White "Li, Zhaozhi"]
[Black "Yanayt, Eugene"]
[Result "0-1"]
[WhiteElo "2399"]
[BlackElo "2122"]
[PlyCount "80"]
[EventDate "2018.12.??"]
[EventType "swiss"]
[EventRounds "9"]
[EventCountry "USA"]

1. d4 Nf6 2. c4 g6 3. Nc3 Bg7 4. e4 d6 5. Nf3 O-O 6. Be2 e5 7. Be3 Qe8 8. d5
Ng4 9. Bg5 h6 10. Bh4 f5 11. Nd2 Nf6 12. f3 a5 13. a3 a4 14. Bf2 b6 15. Bd3 Bd7
16. Nb5 Na6 17. Qxa4 fxe4 18. Nxe4 Nxd5 19. cxd5 Nc5 20. Qc2 Nxd3+ 21. Qxd3
Bxb5 22. Qd2 Bc4 23. Be3 Kh7 24. Rc1 Qb5 25. h4 Rf7 26. h5 g5 27. Bxg5 Qxd5 28.
Be3 Qxd2+ 29. Nxd2 Bb5 30. Rh4 d5 31. Rc2 c5 32. Rg4 Bd3 33. Rc1 Rf5 34. Rh4 e4
35. fxe4 dxe4 36. Nxe4 Re5 37. Nxc5 bxc5 38. Kd2 Rd8 39. Bf4 Bg6+ 40. Kc3 Rxh5+
0-1

[Event "28th North American Open"]
[Site "Las Vegas"]
[Date "2018.12.26"]
[Round "1"]
[White "Nyamdorj, Davaaochir"]
[Black "Mulyar, Michael"]
[Result "0-1"]
[WhiteElo "2111"]
[BlackElo "2398"]
[PlyCount "140"]
[EventDate "2018.12.??"]
[EventType "swiss"]
[EventRounds "9"]
[EventCountry "USA"]

1. e4 e5 2. Nf3 Nc6 3. Bb5 a6 4. Ba4 Nf6 5. O-O b5 6. Bb3 Bc5 7. c3 d6 8. d4
Bb6 9. h3 O-O 10. a4 Bb7 11. Re1 h6 12. Na3 exd4 13. cxd4 Re8 14. d5 Ne5 15.
Be3 Ba5 16. Nd2 Bxd2 17. Bxd2 Nd3 18. Re3 Nc5 19. f3 Nh5 20. Bc2 Nf4 21. Rc3 b4
22. Rxc5 bxa3 23. Rc4 axb2 24. Rb1 Qf6 25. Bxf4 Qxf4 26. Rxc7 Bc8 27. Rxb2 Qg3
28. Kf1 Re5 29. Qe1 Qh2 30. Qf2 Rg5 31. g4 Qxh3+ 32. Ke2 h5 33. Kd2 hxg4 34.
fxg4 f6 35. Bd3 Rxg4 36. Bf1 Qh6+ 37. Kd3 a5 38. Kc2 Rxe4 39. Bd3 Rf4 40. Qe2
Bg4 41. Qd2 Bf5 42. Bxf5 Rxf5 43. Qxh6 gxh6 44. Rbb7 Rg5 45. Rd7 Rc8+ 46. Kb2
Rg2+ 47. Kb3 h5 48. Rxd6 Rgc2 49. Rb8 Kf7 50. Rd7+ Kg6 51. Rxc8 Rxc8 52. d6 h4
53. Re7 Rd8 54. d7 h3 55. Re3 Rxd7 56. Rg3+ Kf5 57. Rxh3 Kg4 58. Rh6 f5 59.
Rg6+ Kf4 60. Rb6 Rd5 61. Kc4 Re5 62. Rb1 Kf3 63. Rb5 Ke4 64. Rb1 f4 65. Rf1 f3
66. Re1+ Kf4 67. Rf1 Kg3 68. Kd4 Re2 69. Rg1+ Rg2 70. Rb1 f2 0-1

[Event "28th North American Open"]
[Site "Las Vegas"]
[Date "2018.12.26"]
[Round "1"]
[White "Morshedi, Ali"]
[Black "Encinas Varela, David"]
[Result "1/2-1/2"]
[WhiteElo "2262"]
[BlackElo "1885"]
[PlyCount "116"]
[EventDate "2018.12.??"]
[EventType "swiss"]
[EventRounds "9"]
[EventCountry "USA"]

1. c4 Nf6 2. g3 g6 3. Bg2 Bg7 4. Nc3 O-O 5. e4 e5 6. Nge2 Nc6 7. O-O Nd4 8. d3
d6 9. h3 Nh5 10. g4 Nxe2+ 11. Nxe2 Nf4 12. Nxf4 exf4 13. Bxf4 Bxb2 14. Rb1 Bd4
15. Qd2 Rb8 16. Bg5 Qd7 17. Bh6 Re8 18. Kh1 b6 19. f4 f5 20. gxf5 Bb7 21. fxg6
hxg6 22. f5 gxf5 23. Rxf5 Re7 24. Rbf1 Bg7 25. Bxg7 Rxg7 26. Qh6 Re8 27. Bf3
Qxf5 28. Qxg7+ Kxg7 29. exf5 Bxf3+ 30. Rxf3 Re2 31. a4 Ra2 32. h4 Rxa4 33. h5
Ra1+ 34. Kg2 Re1 35. Kg3 Kf6 36. h6 Rh1 37. Kg4 Rxh6 38. Re3 Kf7 39. d4 a5 40.
Rb3 Rh1 41. c5 dxc5 42. dxc5 Rh6 43. Kg5 Rc6 44. cxb6 cxb6 45. Rb5 a4 46. Rb4
a3 47. Ra4 Rc3 48. Ra7+ Ke8 49. f6 Rf3 50. f7+ Kf8 51. Kg6 b5 52. Ra8+ Ke7 53.
Ra7+ Kd6 54. Rxa3 Rxf7 55. Kxf7 Kc5 56. Ke6 b4 57. Ra8 b3 58. Ke5 Kc4 1/2-1/2

[Event "28th North American Open"]
[Site "Las Vegas"]
[Date "2018.12.27"]
[Round "2.1"]
[White "Bai, Jinshi"]
[Black "Lynch, Joshua"]
[Result "1-0"]
[WhiteElo "2568"]
[BlackElo "2267"]
[PlyCount "73"]
[EventDate "2018.12.??"]
[EventType "swiss"]
[EventRounds "9"]
[EventCountry "USA"]

1. Nf3 d5 2. g3 Nf6 3. Bg2 c6 4. O-O g6 5. b3 Bg7 6. Bb2 O-O 7. c4 Nbd7 8. d4
Ne4 9. e3 Ndf6 10. Ne5 Be6 11. Qe2 Qc8 12. f3 Nd6 13. c5 Nde8 14. g4 Nd7 15.
Nd3 b6 16. b4 Qa6 17. Nc3 bxc5 18. bxc5 h6 19. f4 f6 20. f5 Bf7 21. e4 Qc4 22.
exd5 Qxd4+ 23. Nf2 Qxc5 24. fxg6 Bxg6 25. Qe6+ Kh8 26. Qxd7 Rb8 27. dxc6 Rxb2
28. Na4 Qe5 29. Nxb2 Qxb2 30. c7 Nd6 31. Qxe7 Nc8 32. Qe6 Bf7 33. Qf5 Bxa2 34.
Rad1 Qb6 35. Be4 Bg8 36. Rd7 Qe6 37. Rxg7 1-0

[Event "28th North American Open"]
[Site "Las Vegas"]
[Date "2018.12.27"]
[Round "2.2"]
[White "Nguyen, Emily"]
[Black "Li, Ruifeng"]
[Result "0-1"]
[WhiteElo "2262"]
[BlackElo "2559"]
[PlyCount "62"]
[EventDate "2018.12.??"]
[EventType "swiss"]
[EventRounds "9"]
[EventCountry "USA"]

1. d4 Nf6 2. Nf3 e6 3. c4 c5 4. d5 exd5 5. cxd5 d6 6. g3 g6 7. Nc3 Bg7 8. Bg2
O-O 9. O-O Re8 10. Bf4 Bf5 11. Re1 h6 12. Nh4 Bc8 13. Bc1 a6 14. a4 Nbd7 15. e4
c4 16. Be3 Ne5 17. Qd2 Nd3 18. Reb1 Ng4 19. Nf3 f5 20. h3 Nxe3 21. Qxe3 Bd7 22.
a5 Qf6 23. Nd2 f4 24. Qf3 fxg3 25. Qxf6 Bxf6 26. fxg3 Rac8 27. Bf1 Bd4+ 28. Kg2
Rf8 29. Bxd3 Rf2+ 30. Kh1 cxd3 31. Nb3 Be5 0-1

[Event "28th North American Open"]
[Site "Las Vegas"]
[Date "2018.12.27"]
[Round "2.3"]
[White "Karthik Venkataraman"]
[Black "Daggupati, Balaji"]
[Result "0-1"]
[WhiteElo "2527"]
[BlackElo "2256"]
[PlyCount "80"]
[EventDate "2018.12.??"]
[EventType "swiss"]
[EventRounds "9"]
[EventCountry "USA"]

1. e4 e5 2. Nf3 Nc6 3. Bb5 a6 4. Ba4 Nf6 5. O-O Be7 6. Re1 b5 7. Bb3 d6 8. c3
O-O 9. h3 Bb7 10. d4 Nd7 11. Nbd2 exd4 12. cxd4 Bf6 13. Nf1 Na5 14. Bc2 Re8 15.
Rb1 c5 16. d5 Nc4 17. b3 Nce5 18. N3h2 Ng6 19. Ng3 Bc8 20. Bd2 Bg5 21. Nf5 Bxd2
22. Qxd2 Nb6 23. Ng4 Bxf5 24. exf5 Ne5 25. Nxe5 dxe5 26. d6 Qf6 27. Rbd1 Red8
28. f4 exf4 29. Qxf4 h6 30. Re5 Rac8 31. Be4 Rd7 32. Re7 Rxe7 33. dxe7 Qxe7 34.
Rd6 Re8 35. Bf3 Qc7 36. Qd2 c4 37. Rc6 Qg3 38. Kf1 Nd7 39. bxc4 Ne5 40. Qe2 Kf8
0-1

[Event "28th North American Open"]
[Site "Las Vegas"]
[Date "2018.12.27"]
[Round "2.4"]
[White "Lehmann, Spencer"]
[Black "Becerra Rivero, Julio"]
[Result "1/2-1/2"]
[WhiteElo "2254"]
[BlackElo "2520"]
[PlyCount "77"]
[EventDate "2018.12.??"]
[EventType "swiss"]
[EventRounds "9"]
[EventCountry "USA"]

1. d4 Nf6 2. c4 g6 3. Nc3 Bg7 4. e4 d6 5. f3 O-O 6. Be3 c5 7. Nge2 Nc6 8. d5
Ne5 9. Ng3 e6 10. Be2 exd5 11. cxd5 a6 12. a4 Rb8 13. O-O Bd7 14. a5 b5 15.
axb6 Rxb6 16. Ra2 Qb8 17. Qc2 Bc8 18. Nh1 Rb4 19. Nf2 Nc4 20. Bc1 Nd7 21. Ncd1
Ncb6 22. Bd2 Re8 23. Bc3 Na8 24. Bxa6 Bxa6 25. Rxa6 Rb6 26. Rxb6 Naxb6 27. Ne3
Qa7 28. Bxg7 Kxg7 29. Qc3+ f6 30. b3 Ra8 31. Nc4 Nxc4 32. bxc4 Qa2 33. Nh3 Ra4
34. Nf4 Qxc4 35. Ne6+ Kg8 36. Qe3 Nf8 37. Nxf8 Kxf8 38. Qf4 Ke7 39. Qh6 1/2-1/2

[Event "28th North American Open"]
[Site "Las Vegas"]
[Date "2018.12.26"]
[Round "2"]
[White "Mulyar, Michael"]
[Black "Lin, Andy"]
[Result "1/2-1/2"]
[WhiteElo "2398"]
[BlackElo "2241"]
[PlyCount "150"]
[EventDate "2018.12.??"]
[EventType "swiss"]
[EventRounds "9"]
[EventCountry "USA"]

1. d4 Nf6 2. c4 g6 3. Nf3 Bg7 4. g3 O-O 5. Bg2 d6 6. O-O Nbd7 7. Nc3 e5 8. e4
c6 9. h3 Qb6 10. Re1 Re8 11. d5 Nc5 12. Rb1 a5 13. Be3 Bf8 14. Na4 Qc7 15. Nxc5
dxc5 16. Bg5 Nd7 17. Qd2 Nb6 18. b3 cxd5 19. exd5 Bf5 20. Rbd1 Qd6 21. Bh6 f6
22. Bxf8 Qxf8 23. Qe3 Bc8 24. Re2 Nd7 25. Qc3 b6 26. Rde1 Bb7 27. g4 h6 28. Nh4
Qf7 29. Qd2 Kg7 30. Be4 Nf8 31. f4 Rad8 32. Bc2 exf4 33. Qxf4 Bc8 34. Rxe8 Rxe8
35. Rxe8 Qxe8 36. Qc7+ Qd7 37. Qxb6 Qe7 38. Ng2 h5 39. Qxa5 hxg4 40. hxg4 Bxg4
41. Qe1 Qd6 42. Qh4 Bd7 43. Qf4 Qb6 44. Qe3 Qd6 45. Nf4 g5 46. Nh5+ Kf7 47. Ng3
Ng6 48. Bxg6+ Kxg6 49. Qf3 Qa6 50. Qe4+ f5 51. Qe7 Qf6 52. Qxc5 f4 53. Nf1 g4
54. Qf2 Qe5 55. Qb6+ Kh5 56. Qa7 Bf5 57. d6 Qxd6 58. Qf7+ Kg5 59. Qg8+ Kf6 60.
Qh8+ Kg5 61. Qg8+ Bg6 62. Qd5+ Qxd5 63. cxd5 Be4 64. d6 Bc6 65. a4 g3 66. a5
Kf6 67. b4 Ke6 68. b5 Bd5 69. b6 Kxd6 70. a6 Kc6 71. b7 Kc7 72. Nxg3 fxg3 73.
Kf1 Bxb7 74. axb7 g2+ 75. Kxg2 Kxb7 1/2-1/2

[Event "28th North American Open"]
[Site "Las Vegas"]
[Date "2018.12.26"]
[Round "2"]
[White "Calugar, Arthur"]
[Black "Zhu, Jack"]
[Result "1/2-1/2"]
[WhiteElo "2208"]
[BlackElo "2364"]
[PlyCount "47"]
[EventDate "2018.12.??"]
[EventType "swiss"]
[EventRounds "9"]
[EventCountry "USA"]

1. e4 e5 2. Nf3 Nc6 3. Bc4 Nf6 4. d3 Bc5 5. c3 a6 6. O-O Ba7 7. Nbd2 d6 8. Bb3
Ne7 9. Re1 Ng6 10. Nf1 O-O 11. Ng3 c6 12. h3 b5 13. d4 h6 14. Nf5 d5 15. Nxe5
Nxe5 16. dxe5 Nxe4 17. Nxh6+ gxh6 18. Rxe4 dxe4 19. Qh5 e3 20. Qg6+ Kh8 21.
Qxh6+ Kg8 22. Qg6+ Kh8 23. Qh6+ Kg8 24. Qg6+ 1/2-1/2

[Event "28th North American Open"]
[Site "Las Vegas"]
[Date "2018.12.26"]
[Round "2"]
[White "Yanayt, Eugene"]
[Black "Asaria, Danial"]
[Result "1-0"]
[WhiteElo "2122"]
[BlackElo "2328"]
[PlyCount "95"]
[EventDate "2018.12.??"]
[EventType "swiss"]
[EventRounds "9"]
[EventCountry "USA"]

1. d4 Nf6 2. c4 c5 3. d5 e6 4. Nc3 exd5 5. cxd5 d6 6. Nf3 g6 7. Nd2 Bg7 8. e4
O-O 9. Be2 Re8 10. O-O Nbd7 11. a4 Ne5 12. Ndb1 c4 13. Na3 a6 14. f3 b5 15.
axb5 Qb6+ 16. Kh1 axb5 17. Nxc4 bxc4 18. Rxa8 Qb7 19. Ra2 Bd7 20. Be3 h5 21.
Bd4 Qb4 22. f4 Neg4 23. Bf3 Qb8 24. Re1 Kh7 25. Kg1 Bc8 26. h3 Nh6 27. Qd2 Bh8
28. Kh1 Bg7 29. Ra4 Qb3 30. Rea1 Bd7 31. Ra6 Qb8 32. Rb6 Qc7 33. Raa6 Bc8 34.
Rc6 Qe7 35. Ra7 Bd7 36. Rcc7 Rd8 37. Rcb7 Kg8 38. e5 dxe5 39. fxe5 Nfg4 40. e6
Bxd4 41. Rxd7 Rxd7 42. Rxd7 Qh4 43. Bxg4 Nxg4 44. exf7+ Kf8 45. Ne4 c3 46. Qxd4
Qe1+ 47. Qg1 Qxe4 48. Qc5+ 1-0

[Event "28th North American Open"]
[Site "Las Vegas"]
[Date "2018.12.26"]
[Round "2"]
[White "Vivekananthan, Anish"]
[Black "Ramer, Scott"]
[Result "1/2-1/2"]
[WhiteElo "2294"]
[BlackElo "2200"]
[PlyCount "49"]
[EventDate "2018.12.??"]
[EventType "swiss"]
[EventRounds "9"]
[EventCountry "USA"]

1. e4 e5 2. Nf3 Nc6 3. Nc3 Nf6 4. d4 exd4 5. Nxd4 Bb4 6. Nxc6 bxc6 7. Bd3 d5 8.
exd5 O-O 9. O-O Bg4 10. f3 Bh5 11. dxc6 Qd4+ 12. Kh1 Bxc3 13. bxc3 Qxc3 14. Rb1
Bg6 15. Bxg6 hxg6 16. Qd3 Qxc6 17. Rd1 Rfe8 18. Bb2 Re6 19. Bxf6 gxf6 20. h3
Rae8 21. c4 Re2 22. Rb8 Rxa2 23. Rxe8+ Qxe8 24. Qd8 Qxd8 25. Rxd8+ 1/2-1/2

[Event "28th North American Open"]
[Site "Las Vegas"]
[Date "2018.12.26"]
[Round "2"]
[White "Breckenridge, Steven"]
[Black "Narayanan, Samrug"]
[Result "1-0"]
[WhiteElo "2289"]
[BlackElo "2059"]
[PlyCount "61"]
[EventDate "2018.12.??"]
[EventType "swiss"]
[EventRounds "9"]
[EventCountry "USA"]

1. e4 e6 2. d4 d5 3. exd5 exd5 4. Nf3 Bd6 5. Bd3 Ne7 6. O-O O-O 7. Re1 c6 8.
Nbd2 Bf5 9. Nf1 Bxd3 10. Qxd3 Nd7 11. Ng3 Nf6 12. Bg5 Ng6 13. Ne5 h6 14. Bxf6
Qxf6 15. Nd7 Qg5 16. Nxf8 Rxf8 17. Qb3 h5 18. Qxb7 h4 19. Nf1 Nf4 20. g3 Nh3+
21. Kg2 Nf4+ 22. Kh1 Qg4 23. Re3 Nh3 24. f3 Qg5 25. Qd7 Bxg3 26. hxg3 f5 27.
Re8 Qh5 28. Rxf8+ Kxf8 29. g4 fxg4 30. Re1 Nf2+ 31. Kg2 1-0

[Event "28th North American Open"]
[Site "Las Vegas"]
[Date "2018.12.26"]
[Round "2"]
[White "Zierk, Steven"]
[Black "McConnell, Griffin"]
[Result "1-0"]
[WhiteElo "2510"]
[BlackElo "1661"]
[PlyCount "129"]
[EventDate "2018.12.??"]
[EventType "swiss"]
[EventRounds "9"]
[EventCountry "USA"]

1. e4 e5 2. Nf3 Nc6 3. Bc4 Bc5 4. d3 Nf6 5. O-O d6 6. h3 h6 7. c3 O-O 8. Bb3
Bb6 9. Nbd2 a6 10. Re1 Be6 11. Bc2 Ne7 12. d4 Ng6 13. Nf1 c5 14. Ng3 cxd4 15.
cxd4 Ba5 16. Bd2 Bxd2 17. Qxd2 Qb6 18. Nf5 Kh7 19. g3 Rac8 20. Bd3 Ng8 21. a3
f6 22. Rac1 Kh8 23. b4 N6e7 24. Bb1 Bf7 25. Ba2 Nxf5 26. exf5 Bxa2 27. Qxa2 Rc7
28. Qe6 Rc6 29. Nh4 Rd8 30. Qf7 Qxd4 31. Qxb7 Rc3 32. Kg2 Qc4 33. Rxc3 Qxc3 34.
Re4 Qc8 35. Qd5 Qa8 36. Qxa8 Rxa8 37. Rc4 Ne7 38. Ng6+ Nxg6 39. fxg6 Kg8 40.
Kf3 Kf8 41. Rc7 d5 42. Rf7+ Kg8 43. Rd7 d4 44. Ke4 Kf8 45. h4 Re8 46. Rf7+ Kg8
47. Ra7 Rd8 48. Kd3 e4+ 49. Kd2 Rc8 50. Rxa6 d3 51. Re6 f5 52. g4 Kf8 53. gxf5
Rc2+ 54. Kd1 Ra2 55. Rxe4 Rxa3 56. Kd2 Rb3 57. f3 h5 58. f4 Ra3 59. b5 Rb3 60.
Re5 Rb4 61. Kxd3 Rxf4 62. Re4 Rf3+ 63. Kc4 Rxf5 64. b6 Rf1 65. Kb5 1-0

[Event "28th North American Open"]
[Site "Las Vegas"]
[Date "2018.12.27"]
[Round "2"]
[White "Balakrishnan, Praveen"]
[Black "Yang, Kevin"]
[Result "1-0"]
[WhiteElo "2418"]
[BlackElo "2135"]
[PlyCount "95"]
[EventDate "2018.12.??"]
[EventType "swiss"]
[EventRounds "9"]
[EventCountry "USA"]

1. e4 c6 2. d4 d5 3. Nd2 dxe4 4. Nxe4 Nd7 5. Ng5 e6 6. Bd3 Ngf6 7. N1f3 Bd6 8.
Qe2 h6 9. Ne4 Nxe4 10. Qxe4 Qc7 11. O-O b6 12. Qg4 Kf8 13. b3 Bb7 14. Re1 Nf6
15. Qh3 Nd5 16. c4 Nf4 17. Bxf4 Bxf4 18. c5 Qe7 19. Qg4 Bc7 20. Ne5 Bxe5 21.
Rxe5 Rd8 22. Bc4 bxc5 23. dxc5 Qf6 24. Rae1 Bc8 25. R5e3 Rd4 26. Qg3 g5 27. Qc7
Kg7 28. Qxc6 Rhd8 29. Qc7 R4d7 30. Qe5 Bb7 31. f3 Rd2 32. Qxf6+ Kxf6 33. R3e2
R2d4 34. Rc2 Bc6 35. Kf2 a5 36. Ke3 e5 37. a3 Rb8 38. Rb1 Bd7 39. Rc3 Bf5 40.
Rb2 h5 41. b4 axb4 42. axb4 Ke7 43. b5 Bd7 44. Bd3 f5 45. c6 f4+ 46. Ke2 Bc8
47. b6 Rd6 48. b7 1-0

[Event "28th North American Open"]
[Site "Las Vegas"]
[Date "2018.12.27"]
[Round "2"]
[White "Encinas Varela, David"]
[Black "Kolay, Alex"]
[Result "1-0"]
[WhiteElo "1885"]
[BlackElo "2270"]
[PlyCount "95"]
[EventDate "2018.12.??"]
[EventType "swiss"]
[EventRounds "9"]
[EventCountry "USA"]

1. e4 e6 2. d4 d5 3. e5 c5 4. c3 Nc6 5. Nf3 Bd7 6. a3 f6 7. exf6 Nxf6 8. Bd3
Bd6 9. Be3 cxd4 10. cxd4 O-O 11. Nc3 Be8 12. Ng5 Qe7 13. f4 h6 14. h4 Nh5 15.
Qg4 hxg5 16. hxg5 g6 17. g3 Bc7 18. O-O-O Bb6 19. Bc2 Qg7 20. Ne2 e5 21. f5 e4
22. f6 Qc7 23. Kb1 Rf7 24. Bb3 Rd8 25. Qh4 Rh7 26. Qxe4 Bf7 27. Qf3 Na5 28. Ba2
Nc4 29. Bf4 Nxf4 30. Rxh7 Kxh7 31. Nxf4 Nd6 32. Nxd5 Bxd5 33. Rh1+ Kg8 34.
Bxd5+ Nf7 35. Rh7 Rd7 36. Qh1 Rxd5 37. Rg7+ Kf8 38. Qxd5 Ba5 39. Rxg6 Qxg3 40.
Qc5+ Nd6 41. Rg7 Bb6 42. Qd5 Qd3+ 43. Ka2 Qc4+ 44. Qxc4 Nxc4 45. Rd7 Ne3 46. g6
Ng4 47. Rxb7 Nxf6 48. Rf7+ 1-0

[Event "28th North American Open"]
[Site "Las Vegas"]
[Date "2018.12.26"]
[Round "2"]
[White "Jensen, Ulf"]
[Black "Kollar, Romain"]
[Result "0-1"]
[WhiteElo "1863"]
[BlackElo "2180"]
[PlyCount "76"]
[EventDate "2018.12.??"]
[EventType "swiss"]
[EventRounds "9"]
[EventCountry "USA"]

1. e4 c5 2. d4 cxd4 3. c3 d5 4. Nd2 dxc3 5. bxc3 dxe4 6. Bc4 Nf6 7. Nxe4 Qxd1+
8. Kxd1 Nxe4 9. Be3 Nc6 10. Ne2 Bf5 11. f3 O-O-O+ 12. Ke1 Nd6 13. Bb3 e6 14.
Kf2 Be7 15. Ba4 Nc4 16. Bxc6 bxc6 17. Bxa7 c5 18. Rhe1 Kb7 19. Ng3 Bg6 20. Ne4
Kxa7 21. Rab1 Rb8 22. Rbd1 Rb2+ 23. Kf1 Rd8 24. Rxd8 Bxd8 25. Re2 Rxe2 26. Kxe2
Bxe4 27. fxe4 Ba5 28. Kd3 Ne5+ 29. Kc2 Ng4 30. h3 Ne3+ 31. Kd3 Nxg2 32. Kc4 f5
33. exf5 exf5 34. Kd3 Nf4+ 35. Ke3 Nxh3 36. Kf3 Bxc3 37. Kg3 Be5+ 38. Kxh3 c4
0-1

[Event "28th North American Open"]
[Site "Las Vegas"]
[Date "2018.12.27"]
[Round "3.1"]
[White "Chua, Alexander"]
[Black "Bai, Jinshi"]
[Result "0-1"]
[WhiteElo "2291"]
[BlackElo "2568"]
[PlyCount "116"]
[EventDate "2018.12.??"]
[EventType "swiss"]
[EventRounds "9"]
[EventCountry "USA"]

1. d4 Nf6 2. c4 g6 3. Nf3 Bg7 4. g3 d5 5. cxd5 Nxd5 6. Bg2 Nb6 7. Nc3 Nc6 8. e3
e5 9. d5 Ne7 10. e4 c6 11. d6 Ng8 12. b3 f6 13. O-O Nh6 14. Qd3 Be6 15. Na4
Nxa4 16. bxa4 O-O 17. Rd1 Rf7 18. Qc2 Rd7 19. Ba3 Nf7 20. Rab1 Bf8 21. Bf1 Bxd6
22. Bxd6 Nxd6 23. Nd2 Qc7 24. Rdc1 Nf7 25. Nb3 Bxb3 26. Rxb3 Re8 27. Qc5 a6 28.
Bc4 Kg7 29. Bxf7 Kxf7 30. Rcb1 Qc8 31. h4 Ree7 32. Qc4+ Kg7 33. Qc5 Rf7 34. a5
Rde7 35. Kg2 Qg4 36. Rb4 g5 37. hxg5 fxg5 38. Qe3 h6 39. a4 Rd7 40. Qc3 Kh7 41.
Qe3 Qe6 42. R1b2 Qf6 43. R4b3 Qd6 44. Rb4 Qd1 45. Rb1 Qd6 46. R1b2 Kg6 47. Rb1
Qd2 48. R1b2 Qxe3 49. fxe3 g4 50. R4b3 h5 51. Rb4 Kg5 52. R4b3 h4 53. gxh4+
Kxh4 54. Rb4 g3 55. Rc4 Kg4 56. Rcb4 Rh7 57. Rb1 Rd2+ 58. Kg1 g2 0-1

[Event "28th North American Open"]
[Site "Las Vegas"]
[Date "2018.12.27"]
[Round "3.2"]
[White "Li, Ruifeng"]
[Black "Breckenridge, Steven"]
[Result "1/2-1/2"]
[WhiteElo "2559"]
[BlackElo "2289"]
[PlyCount "138"]
[EventDate "2018.12.??"]
[EventType "swiss"]
[EventRounds "9"]
[EventCountry "USA"]

1. b3 e5 2. Bb2 Nc6 3. Nf3 e4 4. Nd4 Qf6 5. e3 Bc5 6. Nb5 Qxb2 7. N1c3 Nb4 8.
Rb1 Qxc2 9. Nxc7+ Kd8 10. Nxa8 Nf6 11. Rc1 Nd3+ 12. Bxd3 Qxd3 13. b4 Bxb4 14.
Qa4 Bxc3 15. Rxc3 Qb1+ 16. Qd1 Qxd1+ 17. Kxd1 Nd5 18. Rc4 b5 19. Rc5 Bb7 20.
Rxb5 Kc8 21. Ke2 Bxa8 22. Rhb1 Nb6 23. Ra5 Kb8 24. Rg5 g6 25. a4 f6 26. Rgb5
Bc6 27. a5 Bxb5+ 28. Rxb5 Kc7 29. axb6+ axb6 30. d3 Kc6 31. Rb4 exd3+ 32. Kxd3
b5 33. g4 g5 34. h4 Kc5 35. Rb1 h5 36. hxg5 fxg5 37. gxh5 Rxh5 38. Rc1+ Kb4 39.
Rb1+ Kc5 40. Rc1+ Kb4 41. Rb1+ Ka5 42. Ra1+ Kb6 43. Rg1 d6 44. f3 Rh3 45. Ke4
Kc5 46. Rxg5+ Kc4 47. Rd5 Rh6 48. Rd4+ Kc3 49. Kd5 b4 50. Rc4+ Kb3 51. Rc8 Rf6
52. f4 Ka3 53. Kc4 d5+ 54. Kxd5 Rb6 55. e4 b3 56. Rc3 Kb4 57. Rc1 b2 58. Rf1
Kc3 59. e5 b1=Q 60. Rxb1 Rxb1 61. e6 Rd1+ 62. Kc6 Re1 63. Kd6 Rd1+ 64. Kc7 Re1
65. f5 Re5 66. Kd6 Rxf5 67. e7 Rf6+ 68. Kd5 Rf5+ 69. Kd6 Rf6+ 1/2-1/2